| 000 | 00619nam a2200229Ia 4500 | ||
|---|---|---|---|
| 008 | 180523s9999 xx 000 0 und d | ||
| 020 | _a007-125211-8 | ||
| 050 | _aComSc TK 7887 | ||
| 050 | _b.M49 2003 c.3 | ||
| 100 | _aMeyers, Mike. | ||
| 245 | 0 | _aIntroduction to PC hardware and troubleshooting / | |
| 245 | 0 | _cMike Meyers. | |
| 260 | _aNew York : | ||
| 260 | _bMcGraw-Hill, | ||
| 260 | _c2003 | ||
| 300 | _a447 pages : | ||
| 300 | _billustrations ; | ||
| 300 | _c23 cm. | ||
| 440 | _aMike Meyers' computer skills | ||
| 500 | _aIncludes index. | ||
| 650 | _aMicrocomputers -- Maintenance and repair. | ||
| 999 |
_c357824 _d357824 |
||